Unitarios /
El proyecto del unitarismo tuvo un papel central en la cultura política argentina del siglo XIX. Durante la década de los veinte, sus adeptos proponían organizar el país de forma centralizada desde Buenos Aires. Su fracaso y su legado.
Guardado en:
| Autor Principal: | |
|---|---|
| Autor Corporativo: | |
| Formato: | |
| Publicado: |
Argentina,
2010
|
| Series: | XIX: Los Proyectos De Nación
|
| Materias: | |
| Etiquetas: |
Agregar Etiqueta
Sin Etiquetas, Sea el primero en etiquetar este registro!
|
| LEADER | 00982ngm a22002655g 4500 | ||
|---|---|---|---|
| 001 | CEM.cems024082 | ||
| 008 | 130507s2010##################0###0#####d | ||
| 005 | 20250818190754.0 | ||
| 245 | 1 | 0 | |a Unitarios / |c Sebastián Mignona. |
| 260 | |a Argentina, |c 2010 | ||
| 300 | |a 22'. | ||
| 490 | 0 | |a XIX: Los Proyectos De Nación | |
| 500 | |a Consultar en ventanilla. | ||
| 538 | |a Soporte: DVD - Grabación DRD | ||
| 520 | |a El proyecto del unitarismo tuvo un papel central en la cultura política argentina del siglo XIX. Durante la década de los veinte, sus adeptos proponían organizar el país de forma centralizada desde Buenos Aires. Su fracaso y su legado. | ||
| 100 | 1 | |a Mignona, Sebastián | |
| 710 | 2 | |a Canal Encuentro. | |
| 082 | 7 | 8 | |/ MIG |
| 653 | |a HISTORIA | ||
| 653 | |a HISTORIA ARGENTINA | ||
| 653 | |a SIGLO XIX | ||
| 653 | |a UNITARIOS | ||
| 653 | |a RIVADAVIA | ||
| 653 | |a SERIE DE TELEVISIÓN | ||
| 859 | |a CEMS |b BIB. CEMS - Depto. Recursos Didacticos |h 782 |i MIG |k DRD |p 2725.19 |t Ej.1 | ||
